| 000 | 00934nam a2200277 i 4500 | ||
|---|---|---|---|
| 001 | 6599 | ||
| 003 | ES-MaACL | ||
| 005 | 20231103062526.0 | ||
| 007 | t| | ||
| 008 | 900117s1988 fr ||||1| fre d | ||
| 020 | _a2-7152-1497-9 | ||
| 080 | _a84-94"17" | ||
| 080 | _a84(Morellet,A.7 M.01) | ||
| 080 | _a9(44)"1789/1799" | ||
| 100 | 1 |
_aMorellet, Andre. _983251 |
|
| 245 | 1 | 0 |
_aMemoires de l'abbe Morellet de l'Academie francaise _b: sur le dix-huitieme siecle et sur la revolution / _cintroduction et notes de Jean-Pierre Guicciardi. |
| 260 |
_aParis : _bMercure de France, _c1988. |
||
| 300 |
_a597 p. ; _c21 cm. |
||
| 490 | 1 |
_aLe temps retrouve ; _vLII |
|
| 500 | _aIndices. | ||
| 651 | 4 |
_aFrancia- _xHistoria- _y1789-1799, Revolución _98685 |
|
| 700 | 1 |
_aGuicciardi, Jean-Pierre. _960642 |
|
| 830 | 0 |
_aLe temps retrouve ; _vLII _9177603 |
|
| 852 |
_aES-MaACL _jL-13732 _bR.117235 _z. - rust. |
||
| 999 |
_c6599 _d6599 |
||